00821nas a2200241Ia 4500001001100000003000900011008004100020040001300061040001300074041001300087100004600100210001100146222001100157245007000168250001100238260002100249501008600270300001700356310001200373362003400385500012400419650003600543R052/77246IT-RoPAU151124c99999999xx |||||||||||| ||und|| aIT-RoPAU cIT-RoPAU aITALIANO aMuscio GiulianagCodice Aut. SPICS: 3442 aSCRIPT aScript aSCRIPT, ANNO 02-N.02 (GENNAIO 1989)bUn Proust Con la Tuta Sporca a1a ed. aROMAbDAGAc1989 bPaulus - SPICS - Società San Paolo EM (non-commercial uses only)cCopyright2015 a17 p. [7-23] aMENSILE aANNO 002, N.02 (GENNAIO 1989) aJames M. Cain a Hollywood. Cain Scrittore di Tanti Soggetti Cinematografici O Scritti Dai Quali Furono Tratti dei Film. aCINEMAvPUBBLICAZIONE PERIODICA